000 00784nam a2200229Ia 4500
003 OSt
005 20260113150512.0
008 210716s2017 xx 000 0 und d
020 _a9789332582729
040 _cAIMIT LIBRARY
041 _aeng
082 _a621.3991
_bFERB
100 _aFerguson, Bill.
_9251113
245 _aVSphere 6 foundations exam official cert guide:
_bVMware certified professional 6 /
_cBy Bill Ferguson.
250 _a1st ed.
260 _aNew Delhi :
_bPearson Education ,
_c2017.
300 _axxxii,718 p.;
_bPB
_c24.5 cm.
650 _aConfiguring vsphere standard switches
_9251114
650 _aConnecting shared storage devices to vsphere
_9251115
650 _aCreating and configuring vmware clusters
_9251116
942 _2ddc
_cBK
_k62.3991 FERB
999 _c196264
_d196264